TV Show by Pets Quiz Stats

Quiz Updated Aug 13, 2016

Challenge
Share
Tweet
Score 0/20 Timer 04:00
9 Plays Today
TV Show % Correct
Scooby-Doo (Scooby Doo)
96.7%
Family Guy (Brian Griffin)
94.4%
The Flintstones (Dino)
92.4%
Lassie (Lassie)
92.3%
SpongeBob SquarePants (Gary)
89.6%
The Simpsons (Santa's Little Helper)
79.9%
The Jetsons (Astro)
77.1%
Mr. Ed (Mr. Ed)
70.2%
Friends (Marcel)
66%
The Lone Ranger (Silver)
60.8%
TV Show % Correct
Frasier (Eddie)
56.6%
The Little Rascals (Petey)
53.7%
Alf (Lucky)
51.6%
Futurama (Nibbler)
50%
Green Acres (Arnold Ziffel)
44.3%
Married... with Children (Buck)
41.5%
The Adventures of Rin Tin Tin (Rin Tin Tin)
38.6%
The Smurfs (Azrael)
31.6%
The Dukes of Hazzard (Flash)
15.3%
Lost (Vincent)
5%

You're not logged in!

Compare scores with friends on all Sporcle quizzes.
Sign Up with Email
OR
Log In

You Might Also Like...

Show Comments

Extras

Top Quizzes Today


Score Distribution

Your Account Isn't Verified!

In order to create a playlist on Sporcle, you need to verify the email address you used during registration. Go to your Sporcle Settings to finish the process.